Compañías del IBEX 35 - Statistics

General Stats
  • This quiz has been taken 27 times
  • The average score is 13 of 35
Answer Stats
Hint Answer % Correct
Bancos y cajas de ahorro BBVA
89%
Bancos y cajas de ahorro Banco Santander
84%
Moda Inditex
84%
Bancos y cajas de ahorro CaixaBank
79%
Electricidad y gas Iberdrola
74%
Bancos y cajas de ahorro Banco Sabadell
68%
Electricidad y gas Repsol
68%
Electricidad y gas Endesa
63%
Telecomunicaciones Telefónica
63%
Construcción ACS
53%
Hoteles Meliá
53%
Bancos y cajas de ahorro Bankinter
47%
Construcción Ferrovial
47%
Electricidad y gas Naturgy
47%
Seguros Mapfre
42%
Construcción Acciona
37%
Acero Acerinox
32%
Transportes AENA
32%
Construcción Sacyr
32%
Siderurgia ArcelorMittal
26%
Transportes IAG
26%
Energía Acciona Energía
16%
Electricidad y gas Enagás
16%
Ingeniería Fluidra
16%
Tecnología Indra Sistemas
16%
Inmobiliaria Merlin Properties
16%
Electrónica y software Amadeus IT Group
11%
Telecomunicaciones Cellnex
11%
Vivienda Inmobiliaria Colonial
11%
Renovables Solaria
11%
Farmacéutica Laboratorios Rovi
5%
Transporte y Distribución Logista
5%
Electricidad Red Eléctrica Corporación
5%
Bancos y cajas de ahorro Unicaja Banco
5%
Productos farmacéuticos Gifrols
0%
No matching quizzes found
Score Distribution
Percent of People with Each Score
Percentile by Number Answered
Your Score History
You have not taken this quiz